000 01136cad a22002415a 4500
001 E150282
008 100618s2010 xxk f s000 0 eng d
020 _a9780755993192
035 _a(Sirsi) u150282
041 0 _aeng
050 0 4 _a614.76 $2 18
110 2 _aBlair, Charlie
_95861
245 0 0 _aEnergy from waste potential in Scotland
_bquantifying the contribution energy from waste could make to Scotland's energy needs
_h[electronic resource]
260 _aEdinburgh
_bSustainable Development Commission Scotland
_c2010
520 _aSets out the potential contribution that waste sources could make to renewable heat and renewable electricity targets in Scotland. Suggests that energy from waste could provide around 3% of Scotland's total heat demand and total electricity demand.
521 _aAdvanced
590 _aKA
651 4 _aScotland
_y1999-
690 _aENVIRONMENTAL AND LAND CONSULTANCY-WASTE MANAGEMENT
690 _aENVIRONMENTAL AND LAND CONSULTANCY-ENERGY
856 4 0 _uhttps://www.scotland.gov.uk/Publications/2010/04/29125800/0
_zView the report free of charge at www.scotland.gov.uk
942 _n0
999 _c110818
_d110818